000 00319nam a2200121Ia 4500
008 240731s9999 xx 000 0 und d
022 _a1578-4118
245 0 _aCulture and Education : Cultura y Educación
260 _bRoutledge
856 _uhttps://www.tandfonline.com/loi/rcye20
942 _2ddc
942 _cTFEJ
999 _c76172
_d76172
945 _a1
_bMadushi Gamage
_c1
_dMadushi Gamage